[Event "Detroit (Beg/4/11)"]
[Site "?"]
[Date "1996.??.??"]
[Round "?"]
[White "Goerke, Daniel"]
[Black "Chrzan, Anthony"]
[Result "1-0"]
[WhiteElo "1605"]
[BlackElo "1605"]
[PlyCount "109"]
[EventDate "1996.??.??"]

{4/(11)} 1. e4 e5 2. Nf3 d6 3. Be2 Be7 4. O-O Nf6 5. d3 O-O 6. Bg5 h6 7. Bxf6
Bxf6 8. Nc3 Bg4 9. Nd5 Bxf3 10. Bxf3 c6 11. Nxf6+ Qxf6 12. Qd2 Na6 13. Rad1 Qg5
14. Qxg5 hxg5 15. d4 Nb4 16. c3 Nxa2 17. dxe5 dxe5 18. Ra1 Nxc3 19. bxc3 g6 20.
Rfb1 b5 21. Rc1 Rab8 22. c4 b4 23. Bd1 f5 24. exf5 Rxf5 25. Rcb1 Rf4 26. Bb3 a5
27. c5+ Kg7 28. g3 Rff8 29. Re1 Rfe8 30. Kg2 Ra8 31. Ba4 Ra6 32. Red1 e4 33.
Rd7+ Kg8 34. Rd6 Rc8 35. Rxg6+ Kf7 36. Rxg5 Kf6 37. f4 e3 38. Kf3 Re8 39. Re1
b3 40. Bxb3 a4 41. Bc4 Ra7 42. Rxe3 Rxe3+ 43. Kxe3 a3 44. h4 a2 45. Bxa2 Rxa2
46. h5 Ra3+ 47. Kf2 Ra8 48. g4 Rh8 49. Rg6+ Kf7 50. Rxc6 Kg7 51. Rc7+ Kh6 52.
Rc6+ Kg7 53. Rg6+ Kh7 54. g5 Rc8 55. Rh6+ 1-0

[Event "Lansing (MOR/7/39)"]
[Site "?"]
[Date "1996.??.??"]
[Round "?"]
[White "Goerke, Daniel"]
[Black "Burye, T."]
[Result "1-0"]
[WhiteElo "1605"]
[BlackElo "1605"]
[PlyCount "71"]
[EventDate "1996.??.??"]

{7/(39)} 1. e4 d6 2. Nf3 c5 3. Nc3 Nc6 4. Bc4 Nf6 5. Ng5 e6 6. O-O d5 7. exd5
exd5 8. Bb5 d4 9. Bxc6+ bxc6 10. Ne2 Bd6 11. Re1 h6 12. Nf3 O-O 13. d3 Ng4 14.
Bf4 g5 15. Bxd6 Qxd6 16. h3 Ne5 17. Nxe5 Qxe5 18. Ng3 Qd5 19. Nh5 Qd6 20. Qd2
Bxh3 21. gxh3 Rae8 22. Rxe8 Rxe8 23. c3 Qg6 24. Ng3 g4 25. hxg4 Qxg4 26. cxd4
Re2 27. Qxe2 Qxd4 28. Re1 a5 29. Qe8+ Kg7 30. Nf5+ Kf6 31. Nxd4 Kg5 32. Nxc6
Kf6 33. Qe7+ Kg7 34. Ne5 Kh8 35. Qxf7 h5 36. Ng6# 1-0

[Event "Lansing (MI Op/5/20)"]
[Site "?"]
[Date "1996.??.??"]
[Round "?"]
[White "Gipson, John"]
[Black "Wisckol, Richard"]
[Result "1/2-1/2"]
[WhiteElo "1975"]
[BlackElo "1900"]
[PlyCount "79"]
[EventDate "1996.??.??"]

{5/(20)} 1. d4 Nf6 2. Nf3 g6 3. c4 Bg7 4. Nc3 O-O 5. e4 d6 6. h3 e5 7. d5 a5 8.
Be2 Na6 9. Bg5 Bd7 10. Qd2 Nc5 11. Bd3 Nxd3+ 12. Qxd3 Qc8 13. Rc1 Ne8 14. Be7
Bh6 15. Rc2 f5 16. Bxf8 Kxf8 17. h4 Nf6 18. Ng5 Kg8 19. Ne6 Bxe6 20. dxe6 Qxe6
21. Nd5 fxe4 22. Nxf6+ Qxf6 23. Qd5+ Qf7 24. Qxb7 Rf8 25. Qd5 e3 26. fxe3 Bxe3
27. Qxf7+ Rxf7 28. Rh3 Bd4 29. a3 Rf5 30. b4 axb4 31. axb4 Kf7 32. Rf3 Rxf3 33.
gxf3 Ke6 34. Kf1 Kf5 35. Rg2 Bc3 36. b5 h6 37. Ke2 g5 38. Rg4 Bd4 39. h5 Bb6
40. Kd3 1/2-1/2

[Event "Lansing (MI Op/7/21)"]
[Site "?"]
[Date "1996.??.??"]
[Round "?"]
[White "Gipson, John"]
[Black "Manion, Tom"]
[Result "0-1"]
[WhiteElo "1975"]
[BlackElo "1865"]
[PlyCount "106"]
[EventDate "1996.??.??"]

{7/(21)} 1. d4 f5 2. Nf3 g6 3. Bg5 Bg7 4. c4 Nf6 5. Nc3 c6 6. e3 d6 7. Bd3 Be6
8. O-O Bf7 9. Rc1 Nbd7 10. Qe2 O-O 11. Rfe1 e5 12. e4 f4 13. dxe5 dxe5 14. Red1
Qe7 15. a3 a5 16. Na4 Nc5 17. Nxc5 Qxc5 18. b4 axb4 19. axb4 Qe7 20. Qb2 h6 21.
Bxf6 Bxf6 22. c5 Ra2 23. Qc3 Rfa8 24. Bc4 R2a3 25. Bxf7+ Kxf7 26. Qc4+ Kf8 27.
h3 g5 28. Rd6 Rd8 29. Rcd1 Rxd6 30. Rxd6 Ra1+ 31. Kh2 h5 32. Nxg5 Bxg5 33. Rg6
Qf7 34. Qxf7+ Kxf7 35. Rxg5 Kf6 36. Rxh5 Rb1 37. Rf5+ Ke6 38. h4 Rxb4 39. f3
Rc4 40. g3 fxg3+ 41. Kxg3 Rxc5 42. h5 Rc1 43. Rf8 Rh1 44. Kg4 b5 45. Kg5 Rg1+
46. Kh6 b4 47. Kh7 c5 48. h6 c4 49. Rc8 c3 50. Kh8 Rg2 51. h7 c2 52. f4 b3 53.
fxe5 Rh2 0-1

[Event "Ann Arbor (Mini-Swiss/2/5)"]
[Site "?"]
[Date "1996.??.??"]
[Round "?"]
[White "Gipson, John"]
[Black "Kuba, J."]
[Result "0-1"]
[WhiteElo "1990"]
[BlackElo "1860"]
[PlyCount "112"]
[EventDate "1996.??.??"]

{2/(5)} 1. d4 d5 2. c4 dxc4 3. Nc3 e6 4. e4 Nf6 5. Bxc4 c6 6. Nf3 Bb4 7. Qc2
O-O 8. O-O a6 9. Bg5 h6 10. Bh4 Be7 11. Rad1 b5 12. Bd3 Nfd7 13. Bxe7 Qxe7 14.
Rfe1 c5 15. d5 e5 16. a4 b4 17. Nb1 Nf6 18. Nbd2 Bg4 19. Re3 Nbd7 20. Nc4 Ne8
21. Rc1 Bxf3 22. Rxf3 Nd6 23. b3 Rfc8 24. Na5 Nb8 25. Qb2 f6 26. Qc2 Qc7 27.
Nc4 Kh8 28. Qd2 Nxc4 29. Bxc4 Qd6 30. Rh3 Rc7 31. Qe2 Nd7 32. a5 Nf8 33. Qg4
Nh7 34. Rd1 Ng5 35. Rh5 Re7 36. h4 Nh7 37. Rf5 Nf8 38. h5 Rd8 39. Qe2 Ne6 40.
Bxa6 Nd4 41. Rxd4 cxd4 42. Bc4 Ra7 43. a6 Rda8 44. Qd2 Rxa6 45. Bxa6 Rxa6 46.
Rf3 Ra1+ 47. Kh2 Ra7 48. Qd3 Qb6 49. Qc2 Rc7 50. Qa2 Qa7 51. Qxa7 Rxa7 52. Kg3
Rc7 53. Kg4 Kg8 54. Kf5 Kf7 55. Rg3 Rc3 56. Rg6 d3 0-1

[Event "Ann Arbor (Mini-Swiss/3/5)"]
[Site "?"]
[Date "1996.??.??"]
[Round "?"]
[White "Gipson, John"]
[Black "Hill, Brad"]
[Result "1-0"]
[WhiteElo "1990"]
[BlackElo "1630"]
[PlyCount "75"]
[EventDate "1996.??.??"]

{3/(5)} 1. d4 Nf6 2. c4 c5 3. d5 b5 4. cxb5 a6 5. Nc3 axb5 6. g3 b4 7. Nb1 d6
8. Nd2 g6 9. Bg2 Bg7 10. Ngf3 Nbd7 11. O-O Nxd5 12. Ng5 Bb7 13. Nc4 N7f6 14. e4
Nc7 15. e5 Nfd5 16. exd6 exd6 17. Re1+ Kf8 18. Nb6 Nxb6 19. Bxb7 Rb8 20. Bc6 h6
21. Ne4 Nc4 22. Rb1 Ne5 23. Ba4 Ra8 24. b3 Ne6 25. f4 Rxa4 26. bxa4 Nc4 27. Qd5
Bd4+ 28. Kg2 Nb6 29. Qc6 d5 30. Nxc5 Nxc5 31. Rxb4 Nd3 32. Rxd4 Nxe1+ 33. Kf2
Qc8 34. Qxc8+ Nxc8 35. Kxe1 Nb6 36. a5 Na8 37. Rxd5 Ke7 38. Ba3+ 1-0

[Event "Lansing (MI Op/1b/14)"]
[Site "?"]
[Date "1996.??.??"]
[Round "?"]
[White "Gipson, John"]
[Black "Burch, Daniel"]
[Result "0-1"]
[WhiteElo "1975"]
[BlackElo "1735"]
[PlyCount "116"]
[EventDate "1996.??.??"]

1. d4 d5 2. Nf3 Nf6 3. c4 e6 4. Bg5 Be7 5. Nc3 O-O 6. e3 c6 7. Qc2 Nbd7 8. Rc1
h6 9. Bh4 Nh7 10. Bg3 Ng5 11. Ne5 Nh7 12. Bd3 Nhf6 13. h3 Nxe5 14. Bxe5 Nd7 15.
Bh2 Re8 16. O-O Bf6 17. cxd5 exd5 18. b4 a6 19. a4 b5 20. a5 Nf8 21. Ne2 Bd7
22. Nf4 Rc8 23. Be2 Ne6 24. Nd3 Bxd4 25. Bg4 Ba7 26. Bd6 Ng5 27. Bxd7 Qxd7 28.
Bc5 Bb8 29. Bd4 Qd6 30. f4 Ne4 31. Nc5 Nxc5 32. Qxc5 Qxc5 33. Rxc5 Ba7 34. Rc3
Bxd4 35. exd4 Re4 36. Rfc1 Rxd4 37. Rxc6 Rxc6 38. Rxc6 Rxb4 39. Rxa6 Ra4 40.
Rd6 Rxa5 41. Rxd5 Kf8 42. Kf2 Ke7 43. Ke3 Ke6 44. Rd8 b4 45. Rb8 Ra3+ 46. Ke4
b3 47. Rb6+ Kd7 48. Kd4 Ra4+ 49. Kc3 Rxf4 50. Rxb3 Rf2 51. Rb2 Rxb2 52. Kxb2
Kd6 53. Kc2 Ke5 54. Kd2 Kf4 55. Ke2 Kg3 56. Kf1 f5 57. Kg1 f4 58. Kf1 f3 0-1

[Event "Detroit (Beg/3/1)"]
[Site "?"]
[Date "1996.??.??"]
[Round "?"]
[White "Gilsinger, J."]
[Black "Saenz, Scott"]
[Result "0-1"]
[WhiteElo "1605"]
[BlackElo "1605"]
[PlyCount "94"]
[EventDate "1996.??.??"]

{3/(1)} 1. c4 c5 2. Nc3 e6 3. Nf3 Nc6 4. e3 a6 5. Be2 Qc7 6. O-O Nf6 7. d4 cxd4
8. exd4 d5 9. Re1 dxc4 10. Bxc4 Bd6 11. Ne4 Nxe4 12. Rxe4 O-O 13. a3 b5 14. Bd3
Bb7 15. Rh4 h6 16. Qc2 f5 17. d5 exd5 18. Bxf5 Qe7 19. Bh7+ Kh8 20. Bxh6 Rxf3
21. gxf3 Qxh4 22. Bxg7+ Kxg7 23. Qg6+ Kf8 24. Qxd6+ Qe7 25. Qh6+ Qg7+ 26. Qxg7+
Kxg7 27. Bd3 Ne5 28. Be2 Rf8 29. Kg2 d4 30. Rg1 Bxf3+ 31. Kh3+ Kh6 32. Bxf3
Rxf3+ 33. Kg2 Rb3 34. Rd1 d3 35. Rd2 Nc4 36. Rd1 Nxb2 37. Rd2 Nc4 38. Rd1 d2
39. Kf1 Rc3 40. Ke2 Rc1 41. f3 Rxd1 42. Kxd1 Nxa3 43. Kxd2 Nc4+ 44. Kc3 Kg5 45.
Kb4 Ne5 46. h4+ Kxh4 47. f4 Nd3+ 0-1

[Event "Detroit (Beg/5/9)"]
[Site "?"]
[Date "1996.??.??"]
[Round "?"]
[White "Gilsinger, J."]
[Black "Goerke, Daniel"]
[Result "1-0"]
[WhiteElo "1605"]
[BlackElo "1605"]
[PlyCount "93"]
[EventDate "1996.??.??"]

{5/(9)} 1. c4 e5 2. g3 d5 3. cxd5 Qxd5 4. f3 Bc5 5. Nc3 Qd4 6. Qa4+ Bd7 7. Qxd4
Bxd4 8. e3 Bxc3 9. bxc3 Nc6 10. Bc4 Nh6 11. Ba3 Na5 12. Bd5 c6 13. Bb3 Nxb3 14.
axb3 b6 15. g4 c5 16. c4 Bc6 17. e4 O-O 18. g5 Ng4 19. h3 Nf2 20. Kxf2 Rfd8 21.
Ke3 Rd7 22. Bb2 f6 23. gxf6 gxf6 24. Ne2 Rad8 25. Rhg1+ Kf7 26. Nc1 Rxd2 27.
Bc3 R2d7 28. Ra2 b5 29. Rag2 bxc4 30. Rg7+ Ke6 31. Rxd7 Rxd7 32. bxc4 f5 33.
Nd3 fxe4 34. Nxc5+ Kd6 35. Nxd7 Bxd7 36. Rd1+ Ke7 37. Bb4+ Kd8 38. Kxe4 h5 39.
Kxe5 Ke8 40. h4 Bc6 41. f4 Bf3 42. Rd6 Kf7 43. Rd7+ Ke8 44. Rxa7 Bc6 45. Rh7
Kd8 46. Kd6 Be4 47. Rh8# 1-0

[Event "Detroit (Beg/1/10)"]
[Site "?"]
[Date "1996.??.??"]
[Round "?"]
[White "Gilsinger, J."]
[Black "Davis, A."]
[Result "1-0"]
[WhiteElo "1605"]
[BlackElo "1605"]
[PlyCount "113"]
[EventDate "1996.??.??"]

{1/(10)} 1. c4 Nf6 2. Nc3 e6 3. e4 d5 4. e5 Ne4 5. cxd5 exd5 6. Nxe4 dxe4 7.
Qa4+ Bd7 8. Qxe4 Nc6 9. Bc4 Be6 10. Bxe6 fxe6 11. Nf3 Be7 12. Qg4 O-O 13. Qxe6+
Kh8 14. Qg4 Qd3 15. Kd1 Bc5 16. Ne1 Qd4 17. Qxd4 Bxd4 18. Nd3 Bxf2 19. Rf1 Bd4
20. Rxf8+ Rxf8 21. e6 Rf6 22. Rb1 Rxe6 23. Nf4 Re5 24. b3 Rf5 25. Ne6 Be5 26.
Bb2 Rf7 27. Bxe5 Nxe5 28. Ke2 Re7 29. Rf1 Nf7 30. Kd1 Kg8 31. Re1 Nd6 32. Nd8
Kf8 33. Ne6+ Kf7 34. Ng5+ Ke8 35. Rxe7+ Kxe7 36. Nxh7 Nf7 37. h4 Ne5 38. Ke2
Ke6 39. Ng5+ Kf5 40. Nf3 Ng4 41. g3 c5 42. d4 cxd4 43. Nxd4+ Ke4 44. Ne6 g6 45.
Nf4 Ne5 46. h5 gxh5 47. Nxh5 Kd4 48. Nf4 Kc3 49. Nd5+ Kb2 50. Nb4 a5 51. Nd3+
Nxd3 52. Kxd3 Kxa2 53. Kc4 Ka3 54. g4 a4 55. bxa4 Kxa4 56. Kc3 b5 57. Kb2 1-0

[Event "Ann Arbor (Mini-Swiss/3/13)"]
[Site "?"]
[Date "1996.??.??"]
[Round "?"]
[White "Gibson, M."]
[Black "Hosking, R."]
[Result "0-1"]
[WhiteElo "1605"]
[BlackElo "1605"]
[PlyCount "92"]
[EventDate "1996.??.??"]

{3/(13)} 1. e4 c6 2. Nf3 d5 3. Be2 Bg4 4. h3 dxe4 5. hxg4 exf3 6. Bxf3 e6 7. d4
Nf6 8. Bf4 Nbd7 9. g5 Nd5 10. Nd2 Nxf4 11. Ne4 Be7 12. Qd2 Nd5 13. O-O-O Qb6
14. c3 Qa6 15. b4 N7b6 16. Qd3 Qxa2 17. Rd2 Qa1+ 18. Kc2 Qxh1 19. g3 Qa1 20.
Rd1 Qa2+ 21. Kc1 Qa3+ 22. Kb1 Qb3+ 23. Kc1 Na4 24. Qc2 Qxc2+ 25. Kxc2 h6 26. c4
Nxb4+ 27. Kb3 Nb6 28. Nc5 Bxc5 29. dxc5 Rd8 30. Rc1 Rd3+ 31. Kxb4 Rxf3 32. cxb6
axb6 33. c5 hxg5 34. cxb6 Rxf2 35. Ka5 Rb2 36. Rc5 Rb5+ 37. Rxb5 cxb5 38. Kxb5
Rh3 39. Kc5 Kd7 40. g4 Rg3 41. Kb5 Rxg4 42. Kc5 Rg1 43. Kb5 Kd6 44. Ka5 Kc5 45.
Ka4 Kc4 46. Ka5 Ra1# 0-1

[Event "Detroit (WCO/3/20)"]
[Site "?"]
[Date "1996.??.??"]
[Round "?"]
[White "Gibson, M."]
[Black "Grant, Marco"]
[Result "0-1"]
[WhiteElo "1605"]
[BlackElo "1605"]
[PlyCount "34"]
[EventDate "1996.??.??"]

{3/(20)} 1. e4 e5 2. Nf3 Nf6 3. Bc4 Nxe4 4. Nxe5 d5 5. Bb3 Qe7 6. Qe2 Qxe5 7.
f3 Nc6 8. d3 Nd4 9. Qe3 Bc5 10. fxe4 Nxc2+ 11. Bxc2 Bxe3 12. Bxe3 dxe4 13. Ba4+
c6 14. O-O Qxb2 15. Nd2 exd3 16. Nc4 Qb4 17. Bb3 b5 {[Remainder illegible; 0-1,
30?]} 0-1

[Event "Detroit (Class C/2/10)"]
[Site "?"]
[Date "1996.??.??"]
[Round "?"]
[White "Gibbs, Tony"]
[Black "Nikitin, Mike"]
[Result "0-1"]
[WhiteElo "1605"]
[BlackElo "1605"]
[PlyCount "92"]
[EventDate "1996.??.??"]

{2/(10)} 1. e4 e6 2. d4 d5 3. Nc3 Nf6 4. e5 Nfd7 5. Nf3 c5 6. Be3 Nc6 7. dxc5
Ndxe5 8. Nxe5 Nxe5 9. b4 a6 10. Na4 Be7 11. Nb6 Rb8 12. Bf4 Bf6 13. Rb1 O-O 14.
Bd3 Nxd3+ 15. Qxd3 e5 16. Bg3 d4 17. Nxc8 Rxc8 18. O-O Re8 19. Rfe1 Rc7 20.
Rbd1 Rce7 21. Re4 Qd7 22. c4 Qc6 23. Rde1 g6 24. Qf3 Bg7 25. h4 f5 26. R4e2 e4
27. Qb3 Kh8 28. Bd6 Re6 29. b5 axb5 30. cxb5 Qd7 31. a4 Be5 32. Bxe5+ Rxe5 33.
Rc1 d3 34. Rd2 h5 35. c6 bxc6 36. Rxc6 Kh7 37. Qa3 Kh6 38. Qc1 e3 39. fxe3 Rxe3
40. Qc4 R8e4 41. Qc5 Re1+ 42. Kf2 R4e2+ 43. Rxe2 Rxe2+ 44. Kf1 d2 45. Qf8+ Kh7
46. Rd6 d1=Q+ 0-1

[Event "Detroit (Class C/3/15)"]
[Site "?"]
[Date "1996.??.??"]
[Round "?"]
[White "Gibbs, Tony"]
[Black "Mihelich, John"]
[Result "0-1"]
[WhiteElo "1605"]
[BlackElo "1605"]
[PlyCount "84"]
[EventDate "1996.??.??"]

{3/(15)} 1. e4 e5 2. Nf3 Nc6 3. Bc4 h6 4. c3 d6 5. d4 Bg4 6. Qb3 Qd7 7. Qxb7
Rb8 8. Qa6 Bxf3 9. gxf3 exd4 10. Bd5 Rb6 11. Qc4 Ne5 12. Qe2 Nf6 13. cxd4 Ng6
14. Bb3 Be7 15. Nc3 O-O 16. Be3 c6 17. f4 d5 18. e5 Ne4 19. Nxe4 dxe4 20. Rd1
Nh4 21. Kd2 Nf3+ 22. Kc1 Rfb8 23. Qc4 Bb4 24. d5 c5 25. Qxe4 Nd4 26. Bxd4 cxd4
27. Rxd4 a5 28. a4 Bc5 29. Rc4 Rxb3 30. Rxc5 Rxb2 31. Re1 R8b4 32. e6 fxe6 33.
Qxe6+ Qxe6 34. dxe6 Rb1+ 35. Kd2 R4b2+ 36. Rc2 Rxc2+ 37. Kxc2 Rxe1 38. f5 Re2+
39. Kd3 Rxf2 40. Ke4 Kf8 41. Ke5 Ke7 42. h4 Rh2 0-1

[Event "Flint (MI Senior/2/8)"]
[Site "?"]
[Date "1996.??.??"]
[Round "?"]
[White "Gibbs, Tony"]
[Black "Jointer, William"]
[Result "0-1"]
[WhiteElo "1605"]
[BlackElo "1705"]
[PlyCount "66"]
[EventDate "1996.??.??"]

{2/(8)} 1. e4 c5 2. Nf3 Nc6 3. c3 g6 4. Bb5 Bg7 5. d4 cxd4 6. Bxc6 bxc6 7. cxd4
Ba6 8. Nc3 d6 9. Ne2 Qa5+ 10. Bd2 Qb5 11. Bc3 Nf6 12. e5 Ne4 13. a4 Qc4 14. Nd2
Qd3 15. Nf4 Nxc3 16. bxc3 Qxc3 17. Rc1 Qxd4 18. Rxc6 Qxe5+ 19. Ne2 Bb7 20. Qc2
O-O 21. Nf3 Qa1+ 22. Qc1 Bxc6 23. Qxa1 Bxa1 24. Kd2 Bf6 25. a5 Rfb8 26. Ned4
Bxd4 27. Nxd4 Bxg2 28. Rc1 Rc8 29. Rb1 Rab8 30. Rd1 Rb2+ 31. Ke1 Rc4 32. a6 e5
33. Ne2 Bf3 0-1

[Event "Flint (MI Senior/3/9)"]
[Site "?"]
[Date "1996.??.??"]
[Round "?"]
[White "Gibbs, Tony"]
[Black "Carr, J."]
[Result "0-1"]
[WhiteElo "1605"]
[BlackElo "1715"]
[PlyCount "82"]
[EventDate "1996.??.??"]

{3/(9)} 1. d4 d5 2. Nf3 Nf6 3. e3 Bf5 4. Bd3 Bxd3 5. cxd3 c6 6. Nc3 e6 7. O-O
Be7 8. e4 Na6 9. Re1 dxe4 10. dxe4 c5 11. e5 Nd5 12. Qb3 Nb6 13. Be3 c4 14.
Qb5+ Qd7 15. Rad1 Nc7 16. Qxd7+ Kxd7 17. a3 Nbd5 18. Bc1 h6 19. Ne4 Rhd8 20.
Re2 b5 21. b4 a5 22. Nc5+ Kc6 23. Bd2 axb4 24. axb4 Ra2 25. Ree1 Rda8 26. Rb1
Na6 27. Nxa6 R8xa6 28. Rec1 R6a4 29. g3 Nxb4 30. Bc3 Nd3 31. Rf1 b4 32. Bd2 Kd5
33. Rfd1 b3 34. Ne1 Nxe1 35. Bxe1 Bb4 36. Kg2 Bxe1 37. Rxe1 Rc2 38. Kf3 Raa2
39. Rf1 Rd2 40. Ke3 g5 41. Rfc1 Rd3# 0-1

[Event "Detroit (MI Action/3/4)"]
[Site "?"]
[Date "1996.??.??"]
[Round "?"]
[White "Ghobrial, Ameer"]
[Black "al-Shareef, Robert"]
[Result "1-0"]
[WhiteElo "1605"]
[BlackElo "1670"]
[PlyCount "76"]
[EventDate "1996.??.??"]

{3/(4)} 1. c4 Nf6 2. Nc3 c6 3. e4 d6 4. d3 e5 5. g3 Be7 6. Bg2 Be6 7. f4 exf4
8. gxf4 g6 9. Nf3 Ng4 10. Ne2 d5 11. cxd5 cxd5 12. e5 Qb6 13. d4 Nc6 14. O-O
O-O-O 15. a3 h5 16. b4 f6 17. h3 Nh6 18. Be3 Nf5 19. Bf2 h4 20. Kh2 Rdg8 21.
Rc1 Kb8 22. Nc3 g5 23. exf6 Bxf6 24. fxg5 Bxg5 25. Nxg5 Rxg5 26. Qf3 Qc7+ 27.
Kg1 Rhg8 28. Rfe1 Rxg2+ 29. Qxg2 Rxg2+ 30. Kxg2 Qg7+ 31. Kh1 Ng3+ 32. Kh2 Nxd4
33. Re3 Qf6 34. Kg2 Qf5 35. Bxg3+ Qf4 36. Bxf4+ Ka8 37. Ne2 Nc6 38. Rxe6 a6 1-0

[Event "Detroit (MI Action/5/1)"]
[Site "?"]
[Date "1996.??.??"]
[Round "?"]
[White "Ghobrial, Ameer"]
[Black "Skidmore, Jennifer"]
[Result "1-0"]
[WhiteElo "1605"]
[BlackElo "1900"]
[PlyCount "56"]
[EventDate "1996.??.??"]

{5/(1)} 1. c4 e5 2. Nc3 Nc6 3. g3 f5 4. Bg2 Nf6 5. d3 Bb4 6. e3 d6 7. Nge2 O-O
8. O-O Rb8 9. a3 Bxc3 10. Nxc3 Ne7 11. b4 c6 12. Bb2 Be6 13. b5 Qd7 14. Qa4
cxb5 15. Qxb5 Qc7 16. Qa4 a6 17. Rfc1 Ng6 18. Qb4 f4 19. exf4 exf4 20. Na4 Ng4
21. Bd4 f3 22. Bf1 Qe7 23. c5 d5 24. Re1 Rbe8 25. Rab1 Rf7 26. Qd2 Qd7 27. Nb6
Qd8 28. h3 Nh6 {[Remainder unavailable]} 1-0

[Event "Detroit (MI Action/2/11)"]
[Site "?"]
[Date "1996.??.??"]
[Round "?"]
[White "Ghobrial, Ameer"]
[Black "Maldonado, Ruben"]
[Result "1-0"]
[WhiteElo "1605"]
[BlackElo "1605"]
[PlyCount "71"]
[EventDate "1996.??.??"]

{2/(11)} 1. c4 e5 2. Nc3 Nf6 3. Nf3 Nc6 4. a3 d6 5. g3 Bg4 6. Bg2 Qd7 7. h3
Bxf3 8. Bxf3 Nd4 9. Bxb7 Qd8 10. Bxa8 Qxa8 11. O-O h5 12. f3 g5 13. e3 Nf5 14.
Qa4+ Kd8 15. Kf2 g4 16. Nd5 Rh6 17. Qa5 gxh3 18. Qxc7+ Ke8 19. Qa5 Qd8 20.
Qxd8+ Kxd8 21. d3 h4 22. gxh4 Nxh4 23. e4 Nxd5 24. Bxh6 Bxh6 25. cxd5 Bf4 26.
Rg1 h2 27. Rg4 Bd2 28. Rxh4 a5 29. Rxh2 a4 30. Ke2 Bf4 31. Rh7 f6 32. Rg1 Bg5
33. d4 exd4 34. f4 Bh6 35. Rg8+ Bf8 36. Rxf8# 1-0

[Event "Flint (MI Jr/3/6)"]
[Site "?"]
[Date "1996.??.??"]
[Round "?"]
[White "Gentry, Loyd"]
[Black "Nolan, Matthew"]
[Result "1-0"]
[WhiteElo "1605"]
[BlackElo "1605"]
[PlyCount "87"]
[EventDate "1996.??.??"]

{3/(6)} 1. e4 c5 2. Nf3 d6 3. Bc4 Nc6 4. a3 Nf6 5. d3 g6 6. O-O Bg7 7. Ng5 e6
8. f4 O-O 9. Nc3 d5 10. exd5 exd5 11. Ba2 Bg4 12. Qe1 Nd4 13. Qh4 h6 14. Rf2
Qe7 15. Bd2 Nxc2 16. Raf1 Nd4 17. Nxf7 Nf5 18. Nxh6+ Bxh6 19. Nxd5 Nxh4 20.
Nxe7+ Kg7 21. Bc3 Kh7 22. d4 cxd4 23. Bxd4 Rfe8 24. Bxf6 Nf5 25. Nxf5 gxf5 26.
Bb1 Bf8 27. h3 Be2 28. Bxf5+ Kg8 29. Rc1 b6 30. Rc7 Be7 31. Rxe7 Rxe7 32. Bxe7
Ba6 33. Rd2 Bb5 34. Rd8+ Rxd8 35. Bxd8 Kf7 36. g4 Kf8 37. Bc7 Bc4 38. h4 Kf7
39. Be5 Be6 40. Bxe6+ Kxe6 41. h5 Kf7 42. g5 Kf8 43. f5 Kg8 44. g6 1-0

[Event "Detroit (MI Action/2/9)"]
[Site "?"]
[Date "1996.??.??"]
[Round "?"]
[White "Gentry, Loyd"]
[Black "Bezrutch, B."]
[Result "1-0"]
[WhiteElo "1605"]
[BlackElo "1605"]
[PlyCount "62"]
[EventDate "1996.??.??"]

{2/(9)} 1. e4 e5 2. Nf3 Nc6 3. Bc4 Bc5 4. Nc3 Nf6 5. d3 O-O 6. h3 d5 7. exd5
Nxd5 8. O-O Nf4 9. Bxf4 exf4 10. Re1 Qf6 11. Qd2 Qg6 12. Ne2 Bd6 13. Kh2 Bd7
14. c3 Rae8 15. d4 Re7 16. Bd3 Qf6 17. Qc2 h6 18. Qd2 Rfe8 19. Neg1 Bf5 20.
Rxe7 Rxe7 21. Bxf5 Qxf5 22. Re1 Rxe1 23. Qxe1 Qc2 24. Qe2 Qc1 25. a4 Kf8 26. c4
Na5 27. c5 Be7 28. Ne5 Ke8 29. Ngf3 Qa1 30. Qb5+ Kf8 31. Qxa5 Qxb2 1-0

[Event "Detroit (MI Action/1/10)"]
[Site "?"]
[Date "1996.??.??"]
[Round "?"]
[White "Gentry, Bronson"]
[Black "Taylor, Walt"]
[Result "1-0"]
[WhiteElo "1605"]
[BlackElo "1605"]
[PlyCount "89"]
[EventDate "1996.??.??"]

{1/(10)} 1. e4 e5 2. Nf3 Nc6 3. Bc4 d6 4. O-O Bg4 5. c3 Nf6 6. d3 d5 7. exd5
Nxd5 8. Re1 f6 9. h3 Bxf3 10. Qxf3 Nce7 11. d4 exd4 12. Qxd5 Qxd5 13. Bxd5
O-O-O 14. Be6+ Kb8 15. cxd4 Rxd4 16. Be3 Rd6 17. Bg4 Nd5 18. Bf4 Rd8 19. Bg3
Bd6 20. Bxd6 Rxd6 21. Bf3 Nb4 22. Na3 Rd3 23. Re4 Nc6 24. Rc1 Nd4 25. Re3 Nxf3+
26. gxf3 Rhd8 27. Nc4 b5 28. Na5 Kc8 29. Kg2 Rxe3 30. fxe3 Rd2+ 31. Kg3 Rxb2
32. Ra1 Kd7 33. a4 c5 34. axb5 Rxb5 35. Nc4 Rb7 36. Nd2 Kd6 37. Ne4+ Ke5 38.
Ra5 Ke6 39. Nxc5+ Kd6 40. Nxb7+ Kc6 41. Rxa7 h5 42. Nc5 Kxc5 43. Rxg7 h4+ 44.
Kg4 Kd6 45. Rf7 1-0

[Event "Detroit (MI Action/3/2)"]
[Site "?"]
[Date "1996.??.??"]
[Round "?"]
[White "Gentry, Bronson"]
[Black "Skidmore, Jennifer"]
[Result "0-1"]
[WhiteElo "1605"]
[BlackElo "1900"]
[PlyCount "74"]
[EventDate "1996.??.??"]

{3/(2)} 1. e4 e5 2. Nf3 d6 3. Bc4 Be7 4. c3 Nf6 5. d3 Bg4 6. Be3 c6 7. Qb3 O-O
8. Qxb7 Nbd7 9. Qxc6 Rc8 10. Qa4 Nb6 11. Bxb6 Qxb6 12. Qb3 Qc7 13. Nbd2 Nh5 14.
h3 Bd7 15. Nf1 Rb8 16. Qc2 Nf4 17. Ne3 Kh8 18. Nd5 Nxd5 19. Bxd5 f5 20. O-O
fxe4 21. Bxe4 Be6 22. d4 d5 23. Bxh7 e4 24. Bxe4 dxe4 25. Qxe4 Bf5 26. Qe2 Bf6
27. Nh2 Bg6 28. Ng4 Rbe8 29. Qd2 Qa5 30. Nxf6 Rxf6 31. Rfe1 Ref8 32. Rf1 Rf4
33. Qe3 Qh5 34. Qg3 Be4 35. Rae1 R8f6 36. Qh2 Bxg2 37. Re5 R4f5 {[Remainder
unavailable]} 0-1

[Event "Flint (MI Jr/2/9)"]
[Site "?"]
[Date "1996.??.??"]
[Round "?"]
[White "Gentry, Bronson"]
[Black "Roberts, Andy"]
[Result "1-0"]
[WhiteElo "1605"]
[BlackElo "1605"]
[PlyCount "113"]
[EventDate "1996.??.??"]

{2/(9)} 1. e4 e5 2. Bc4 Bc5 3. Nf3 d6 4. O-O h6 5. d4 exd4 6. Nxd4 Nf6 7. Nc3
Nbd7 8. Nf5 O-O 9. Bb3 Ne5 10. Ng3 Re8 11. Na4 Bb6 12. Nxb6 axb6 13. Re1 Bd7
14. h3 Bc6 15. Bd2 Ng6 16. Bc3 Kh8 17. Bxf7 Kh7 18. Bxe8 Qxe8 19. Bxf6 gxf6 20.
Qf3 Qe5 21. Qh5 Qxh5 22. Nxh5 Rf8 23. a4 Ne5 24. a5 bxa5 25. Rxa5 Nc4 26. Ra2
Nd2 27. Ng3 Nc4 28. b3 Ne5 29. f4 Nd7 30. Ra5 Kg6 31. Nf5 Nc5 32. Ne7+ Kg7 33.
Nxc6 bxc6 34. Ra7 Rf7 35. e5 fxe5 36. fxe5 dxe5 37. Rxe5 Nd7 38. Re3 Nb6 39.
Rg3+ Kh8 40. Rc3 Nd5 41. Rxc6 Rd7 42. Rxh6+ Kg7 43. Rc6 Kf7 44. c4 Nb4 45.
Rcxc7 Rxc7 46. Rxc7+ Ke6 47. g4 Kf6 48. h4 Kg6 49. Rb7 Nd3 50. Rb6+ Kg7 51. h5
Nf4 52. h6+ Kh7 53. g5 Nh5 54. Rb7+ Kh8 55. g6 Nf6 56. c5 Nd5 57. Rb8# 1-0

[Event "Detroit (MI Action/5/5)"]
[Site "?"]
[Date "1996.??.??"]
[Round "?"]
[White "Gentry, Bronson"]
[Black "Iyer, Krishnan"]
[Result "1-0"]
[WhiteElo "1605"]
[BlackElo "1605"]
[PlyCount "44"]
[EventDate "1996.??.??"]

{5/(5)} 1. e4 e5 2. Nf3 Nc6 3. Bc4 Bc5 4. c3 Qf6 5. d3 h6 6. Be3 d6 7. Bxc5
dxc5 8. Na3 a6 9. Qa4 Rb8 10. Bd5 Nge7 11. Bxc6+ Nxc6 12. h3 b5 13. Qd1 O-O 14.
Nc2 Qd6 15. O-O f5 16. Ne3 fxe4 17. dxe4 Qxd1 18. Rfxd1 Be6 19. Ng4 Rbe8 20.
Ngh2 b4 21. cxb4 Rf6 22. a3 a5 {[Remainder unavailable]} 1-0

[Event "Detroit (MI Action/6/1)"]
[Site "?"]
[Date "1996.??.??"]
[Round "?"]
[White "Gentry, Bronson"]
[Black "Ghobrial, Ameer"]
[Result "0-1"]
[WhiteElo "1605"]
[BlackElo "1605"]
[PlyCount "88"]
[EventDate "1996.??.??"]

{6/(1)} 1. e4 e6 2. d4 d5 3. e5 c5 4. c3 Nc6 5. Nf3 Qb6 6. Bd3 cxd4 7. cxd4 Bd7
8. Bc2 Nb4 9. O-O Nxc2 10. Qxc2 Ne7 11. Be3 Rc8 12. Nc3 Nf5 13. Rad1 Bb4 14. a3
Bxc3 15. bxc3 Qa5 16. Rc1 Qxa3 17. g4 Nxe3 18. fxe3 Qe7 19. h3 O-O 20. g5 b5
21. Qa2 Rc7 22. h4 Rfc8 23. Qd2 Qa3 24. h5 Rxc3 25. Rce1 Rc2 26. Qd1 Qb2 27.
Kh1 Rg2 28. Rg1 Rcc2 29. Rxg2 Rxg2 30. Rg1 Rxg1+ 31. Qxg1 Qe2 32. Nh4 Qxh5 33.
Qg3 b4 34. Kg2 Qe2+ 35. Kh3 b3 36. g6 hxg6 37. Qg5 Be8 38. Qe7 Qxe3+ 39. Kh2
Qe2+ 40. Ng2 Qb5 41. Nf4 b2 42. Nxe6 Qe2+ 43. Kg3 Qd3+ 44. Kg2 fxe6 0-1